[Event "5eme open de Champagne -Ardenne"]
[Site "BLAGNY N°14535"]
[Date "2009.05.02"]
[Round "4.6"]
[White "Noizet, Regis"]
[Black "Dubuisson, Thomas"]
[Result "0-1"]
[WhiteElo "1790"]
[BlackElo "2011"]
[PlyCount "134"]
[EventDate "2009.??.??"]

1. d4 Nf6 2. c4 c5 3. d5 e6 4. Nc3 exd5 5. cxd5 d6 6. e4 g6 7. Bf4 Bg7 8. Bb5+
Bd7 9. Qa4 O-O 10. Nge2 Re8 11. f3 a6 12. Bxd7 Nbxd7 13. Rb1 b5 14. Qc2 Nh5 15.
Bxd6 Qb6 16. Bg3 Ne5 17. b3 Nxg3 18. Nxg3 (18. hxg3) 18... Rad8 19. O-O h5 20.
h3 h4 21. Nge2 c4+ 22. Kh1 Qc7 23. Rfd1 cxb3 24. Qxb3 Nc4 25. Rd3 Bh6 26. Rbd1
Qe5 27. Nb1 f5 28. d6 fxe4 29. Rd5 Qe6 30. d7 Re7 31. fxe4 Qxe4 32. Nbc3 Qe6
33. Nd4 Qf6 34. Nf3 Qf7 35. R5d3 Rexd7 36. Rxd7 Rxd7 37. Rxd7 Qxd7 38. Ne5 Qe6
39. Nf3 Bg7 40. Qc2 Ne3 41. Qe4 Qxe4 42. Nxe4 Nf5 43. Kg1 Kf7 44. Kf2 a5 45.
Ke2 Ke6 46. Kd3 Kd5 47. Nfg5 Nd6 48. Nxd6 Kxd6 49. Nf3 Bf6 50. Nd2 Kd5 51. Nf3
a4 52. Ne1 b4 53. Nf3 b3 54. axb3 axb3 55. Nd2 b2 56. Nb1 g5 57. Nd2 Ke5 58.
Ke3 Kf5 59. Kf3 Be5 60. Nb1 Bf4 61. Nc3 Ke5 62. Nb1 Kd4 63. Ke2 Kc4 64. Na3+
Kb3 65. Nb1 Kc2 66. Na3+ Kc1 67. Kf3 Bd6 0-1

[Event "5eme open de Champagne -Ardenne"]
[Site "BLAGNY N°14535"]
[Date "2009.05.02"]
[Round "4.7"]
[White "Meunier, Samuel"]
[Black "Biryukov, Alice"]
[Result "1-0"]
[WhiteElo "1946"]
[BlackElo "1412"]
[PlyCount "39"]
[EventDate "2009.??.??"]

1. e4 d5 2. exd5 c6 3. d4 cxd5 4. c4 Nc6 5. Nc3 Nf6 6. Nf3 Bf5 7. Qb3 Qd7 8.
cxd5 Na5 9. Qb4 Qc7 10. Bb5+ Bd7 11. O-O O-O-O 12. Bd2 e6 13. Bxd7+ Rxd7 14.
Qa4 exd5 15. Nb5 Qb6 16. Bxa5 Qa6 17. Ne5 Rd8 18. Qc2+ Bc5 19. Qxc5+ Kb8 20.
Bxd8 1-0

[Event "5eme open de Champagne -Ardenne"]
[Site "BLAGNY N°14535"]
[Date "2009.05.02"]
[Round "4.8"]
[White "Labroche, Jerome"]
[Black "Hanot, Wilfried"]
[Result "1-0"]
[WhiteElo "1782"]
[BlackElo "1892"]
[PlyCount "47"]
[EventDate "2009.??.??"]

1. e4 c6 2. Nc3 d5 3. Qf3 e6 4. d4 dxe4 5. Nxe4 Qxd4 6. c3 Qb6 7. Bf4 Qxb2 8.
Rd1 Nd7 9. Bc4 Qb6 10. Nh3 Ngf6 11. Nd6+ Bxd6 12. Bxd6 a6 13. O-O Qa7 14. Rfe1
Nd5 15. Qg3 Rg8 16. Ng5 N7f6 17. Qd3 h6 18. Ne4 b5 19. Bxd5 Nxd5 20. Bc5 Qd7
21. Nd6+ Kd8 22. Qh7 Nf6 23. Nxf7+ Ke8 24. Qg6 1-0

[Event "5eme open de Champagne -Ardenne"]
[Site "BLAGNY N°14535"]
[Date "2009.05.02"]
[Round "4.9"]
[White "Louis, Andre"]
[Black "Matschek, Norbert"]
[Result "1-0"]
[WhiteElo "1883"]
[BlackElo "1771"]
[PlyCount "83"]
[EventDate "2009.??.??"]

1. e4 g6 2. d4 Bg7 3. Nf3 d6 4. Bc4 Nf6 5. Nc3 c6 6. O-O O-O 7. Be2 b5 8. a3 a5
9. Bd3 Ba6 10. Ne2 Qc7 11. e5 dxe5 12. Nxe5 Nfd7 13. f4 c5 14. c3 f6 15. Nf3 b4
16. axb4 axb4 17. Bxa6 Nxa6 18. Be3 Rfd8 19. Qb1 e5 20. fxe5 fxe5 21. Ng5 Qc6
22. dxc5 Ndxc5 23. Qa2+ b3 24. Qa5 Rdb8 25. Rad1 Bf6 26. Nf3 Na4 27. Nxe5 Qe6
28. Rxf6 Qxf6 29. Qd5+ Kg7 30. Rf1 Qxf1+ 31. Kxf1 Rf8+ 32. Ke1 Rad8 33. Qb7+
Kg8 34. Qxb3+ Kg7 35. Qxa4 Rfe8 36. Qxa6 Ra8 37. Qb7+ Kf6 38. Bd4 Ra1+ 39. Kd2
Rea8 40. Qf7+ Kg5 41. Be3+ Kh5 42. Qxh7# 1-0

[Event "5eme open de Champagne -Ardenne"]
[Site "BLAGNY N°14535"]
[Date "2009.05.02"]
[Round "4.10"]
[White "Marchal, Roger"]
[Black "Halfaoui, Eddine"]
[Result "0-1"]
[WhiteElo "1620"]
[BlackElo "1831"]
[PlyCount "84"]
[EventDate "2009.??.??"]

1. c4 c6 2. g3 d5 3. cxd5 cxd5 4. Bg2 Nf6 5. Nc3 Nc6 6. d3 g6 7. Bg5 e6 8. e4
dxe4 9. dxe4 Qd7 10. Nf3 h6 11. Be3 e5 12. Nd5 Qd8 13. Nxf6+ Qxf6 14. Nd2 Be6
15. a3 Be7 16. O-O Kf8 17. f4 exf4 18. Bxf4 Qxb2 19. Qb1 Qxb1 20. Raxb1 b6 21.
e5 Rc8 22. Rbc1 Bc5+ 23. Kh1 g5 24. Ne4 gxf4 25. Nxc5 bxc5 26. Rxc5 Ne7 27. Ra5
fxg3 28. hxg3 Nf5 29. Rf3 Rc7 30. Rd3 Ke7 31. Kh2 Rd8 32. Rf3 h5 33. Ra4 Rd4
34. Rxd4 Nxd4 35. Rf4 Nc2 36. Bf3 Nxa3 37. Bxh5 Nc4 38. Re4 a5 39. Bd1 Nb2 40.
Ba4 Rc4 41. Rxc4 Bxc4 42. Bc2 a4 0-1

[Event "5eme open de Champagne -Ardenne"]
[Site "BLAGNY N°14535"]
[Date "2009.05.02"]
[Round "4.11"]
[White "Romain, Emeline"]
[Black "Meisch, Tanguy"]
[Result "1/2-1/2"]
[WhiteElo "1740"]
[BlackElo "1558"]
[PlyCount "50"]
[EventDate "2009.??.??"]

1. d4 d5 2. Nf3 Nc6 3. e3 Bf5 4. Bd3 (4. c4) 4... Qd7 5. a3 O-O-O 6. b4 f6 7.
Bb2 Bxd3 8. Qxd3 e6 9. O-O Bd6 10. c4 dxc4 11. Qxc4 Nge7 12. b5 Na5 13. Qa4 b6
14. Bc3 a6 15. Bxa5 axb5 16. Qb3 bxa5 17. Nc3 c6 18. Rfc1 Kb8 19. Ne4 Ka7 20.
Nc5 (20. a4 b4) 20... Bxc5 21. Rxc5 a4 22. Qb4 Ra8 23. Rb1 Ka6 24. Nd2 Nd5 25.
Qb2 Rhb8 1/2-1/2

[Event "5eme open de Champagne -Ardenne"]
[Site "BLAGNY N°14535"]
[Date "2009.05.02"]
[Round "4.12"]
[White "Pataki, Zemplen"]
[Black "Biniaux, Michael"]
[Result "0-1"]
[WhiteElo "1522"]
[BlackElo "1690"]
[PlyCount "60"]
[EventDate "2009.??.??"]

1. e4 d5 2. exd5 Qxd5 3. Nc3 Qa5 4. d4 c6 5. Bc4 Nf6 6. Nge2 Bg4 7. f3 Bh5 8.
O-O e6 9. Nf4 Bg6 10. Nxg6 hxg6 11. Ne4 Nbd7 12. Bf4 O-O-O 13. Nd6+ Bxd6 14.
Bxd6 Nb6 15. Be7 Nxc4 16. Bxd8 Qxd8 17. Qd3 Nd6 18. Rab1 Nh5 19. Rf2 Nf4 20.
Qd2 g5 21. b4 Nf5 22. c3 Qf6 23. Rff1 Qh6 24. g3 Nd3 25. Rfd1 Nxg3 26. Qg2 Nh5
27. Qc2 Nhf4 28. Rd2 Qh3 29. Rf1 g4 30. fxg4 Rh4 0-1

[Event "5eme open de Champagne -Ardenne"]
[Site "BLAGNY N°14535"]
[Date "2009.05.02"]
[Round "4.13"]
[White "Schenk, Philipp"]
[Black "Gaubert, Virginie"]
[Result "0-1"]
[WhiteElo "1433"]
[BlackElo "1660"]
[PlyCount "40"]
[EventDate "2009.??.??"]

1. e4 c5 2. d4 cxd4 3. c3 Nf6 4. Bd3 e5 5. Nf3 Nc6 6. Bg5 Be7 7. Bh4 Qb6 8. Qb3
Qxb3 9. axb3 d6 10. h3 O-O 11. Nbd2 Be6 12. Nc4 Bxc4 13. bxc4 dxc3 14. bxc3
Rfd8 15. O-O Nh5 16. Bxe7 Nxe7 17. g3 Nf6 18. Rfb1 b6 19. Rb4 Nc6 20. Rb2 Nd7
0-1

[Event "5eme open de Champagne -Ardenne"]
[Site "BLAGNY N°14535"]
[Date "2009.05.02"]
[Round "4.14"]
[White "Blond-Hanten, Elsa"]
[Black "Jagiello, Robert"]
[Result "1-0"]
[WhiteElo "1328"]
[BlackElo "1618"]
[PlyCount "51"]
[EventDate "2009.??.??"]

1. e4 e5 2. Nf3 Nf6 3. Nc3 Nc6 4. Bc4 Bc5 5. d3 d6 6. Bg5 h6 7. Bh4 g5 8. Bg3
Nh5 9. Nxe5 dxe5 10. Qxh5 Rh7 11. Rf1 Qd6 12. O-O-O Be6 13. h4 g4 14. f3 gxf3
15. gxf3 O-O-O 16. f4 Be3+ 17. Kb1 Bxf4 18. Bf2 Rg8 19. Nb5 Qe7 20. Bxe6+ Qxe6
21. d4 Qc4 22. dxe5 Qxe4 23. Nxa7+ (23. Rfe1 Qg6 24. Rg1 Bg5) 23... Nxa7 24.
Bxa7 Rg2 25. Ka1 Rxc2 26. Qg4+ 1-0

[Event "5eme open de Champagne -Ardenne"]
[Site "BLAGNY N°14535"]
[Date "2009.05.02"]
[Round "4.15"]
[White "Beaudiot, Alain"]
[Black "Chalabi, Max"]
[Result "0-1"]
[WhiteElo "1591"]
[BlackElo "1296"]
[PlyCount "47"]
[EventDate "2009.??.??"]

1. Nf3 Nf6 2. b3 d5 3. Bb2 e6 4. e3 Nc6 5. Be2 Bd6 6. O-O Qe7 7. d3 e5 8. Nbd2
O-O 9. a3 Bf5 10. c4 e4 11. Bxf6 Qxf6 12. cxd5 exf3 13. Nxf3 Ne5 14. Nd4 Qh4
15. f4 Ng4 16. Nf3 Qh6 17. Qd2 Rfe8 18. g3 Nxe3 19. Rf2 Nxd5 20. Nd4 Bc5 21.
Nxf5 Bxf2+ 22. Kxf2 Qxh2+ 23. Kf3 Re3+ 24. Kg4 0-1

[Event "5eme open de Champagne -Ardenne"]
[Site "BLAGNY N°14535"]
[Date "2009.05.02"]
[Round "4.16"]
[White "Fell, Fabian"]
[Black "Seninck, Maxence"]
[Result "1/2-1/2"]
[WhiteElo "1538"]
[BlackElo "1270"]
[PlyCount "41"]
[EventDate "2009.??.??"]

1. e4 d5 2. exd5 Qxd5 3. Nc3 Qa5 4. d4 e5 5. dxe5 Bb4 6. Bd2 Nc6 7. a3 Nd4 8.
axb4 Qxa1 9. Bc1 Bd7 10. Nge2 Nc6 11. Nb5 O-O-O 12. Nbd4 Bf5 13. c3 Nxe5 14.
Ng3 Re8 15. Be2 Nd3+ 16. Kf1 Qxc1 (16... Nxc1 17. Ngxf5 Qxb2) 17. Qxc1 Nxc1 18.
Ngxf5 Nf6 19. Nxg7 Rd8 20. Ngf5 Nxe2 21. Kxe2 1/2-1/2

[Event "5eme open de Champagne -Ardenne"]
[Site "BLAGNY N°14535"]
[Date "2009.05.02"]
[Round "4.17"]
[White "Micottis, Dorian"]
[Black "Louot, Catherine"]
[Result "1-0"]
[WhiteElo "1099"]
[BlackElo "1530"]
[PlyCount "55"]
[EventDate "2009.??.??"]

1. e4 e5 2. Nf3 Nf6 3. Nxe5 d6 4. Nf3 Nxe4 5. Nc3 Nxc3 6. dxc3 Bg4 7. Be2 Nc6
8. O-O Qf6 9. Re1 Be7 10. h3 Bxf3 11. Bxf3 Rb8 12. Qe2 Ne5 13. Bd5 O-O 14. Bd2
c6 15. Be4 d5 16. Bd3 Nxd3 17. cxd3 Rfe8 18. Qg4 Rbd8 19. Re2 Bc5 20. Rae1 Rxe2
21. Rxe2 Qd6 22. d4 Bb6 23. Bf4 Qf8 24. Qg3 Re8 25. Bd6 Bc7 26. Bxf8 Bxg3 27.
Rxe8 f5 28. fxg3 1-0

[Event "5eme open de Champagne -Ardenne"]
[Site "BLAGNY N°14535"]
[Date "2009.05.02"]
[Round "4.18"]
[White "Hurreau, Jean Francois"]
[Black "Gilles, Sebastien"]
[Result "1-0"]
[WhiteElo "1499"]
[BlackElo "1499"]
[PlyCount "65"]
[EventDate "2009.??.??"]

1. e4 e5 2. Nf3 d6 3. d4 Be7 4. d5 Bf6 5. Bb5+ Bd7 6. Nc3 a6 7. Bd3 c6 8. O-O
Ne7 9. Be3 h6 10. Na4 Bg4 11. Nb6 Nd7 12. Nxa8 Qxa8 13. h3 Bxf3 14. Qxf3 Ng6
15. Rfd1 h5 16. Bc4 b5 17. Bb3 Nh4 18. Qg3 O-O 19. Bg5 Qb7 20. Bh6 Kh7 21. Bxg7
Rg8 22. dxc6 Rxg7 (22... Qxc6) 23. cxb7 Rxg3 24. fxg3 Ng6 25. Rxd6 Nb8 26. Bxf7
Kg7 27. Bxg6 Kxg6 28. Rf1 Kg5 29. Rf5+ Kg6 30. Rdxf6+ Kg7 31. g4 Nd7 32. Rf7+
Kg6 33. Rxd7 1-0

[Event "5eme open de Champagne -Ardenne"]
[Site "BLAGNY N°14535"]
[Date "2009.05.02"]
[Round "4.19"]
[White "Henzler, Steffen"]
[Black "Huang, Feibai"]
[Result "0-1"]
[WhiteElo "1099"]
[BlackElo "1207"]
[PlyCount "72"]
[EventDate "2009.??.??"]

1. e4 e5 2. d4 exd4 3. c3 dxc3 4. Nxc3 Bb4 5. Nf3 Nf6 6. a3 Bxc3+ 7. bxc3 Nxe4
8. Qd4 d5 9. Qxg7 Qf6 10. Qxf6 Nxf6 11. c4 Be6 12. Nd2 Nbd7 13. Bb2 O-O-O 14.
Bxf6 Nxf6 15. Be2 Rhe8 16. O-O dxc4 17. Nxc4 Bh3 18. gxh3 Rxe2 19. Rae1 Rg8+
20. Kh1 Rc2 21. Ne5 Rc3 22. Nxf7 Rxh3 23. Rg1 Ng4 24. Rg2 Rf3 25. Re2 Rxf7 26.
h3 Nh6 27. Rxg8+ Nxg8 28. Re8+ Kd7 29. Rxg8 Rxf2 30. Rg7+ Kc6 31. Rxh7 Ra2 32.
h4 Rxa3 33. h5 b5 34. Rh6+ Kb7 35. Rg6 Rh3+ 36. Kg2 Rxh5 0-1

[Event "5eme open de Champagne -Ardenne"]
[Site "BLAGNY N°14535"]
[Date "2009.05.02"]
[Round "5.1"]
[White "Moucheroud, Jeremy"]
[Black "Camus, Berenger"]
[Result "1/2-1/2"]
[WhiteElo "2056"]
[BlackElo "2185"]
[PlyCount "28"]
[EventDate "2009.??.??"]

1. e4 c5 2. Nf3 Nc6 3. Bb5 e6 4. O-O Nge7 5. c3 a6 6. Ba4 b5 7. Bc2 d5 8. d4
cxd4 9. exd5 Nxd5 10. Nxd4 Bb7 11. Re1 Be7 12. a4 Nxd4 13. Qxd4 Bf6 14. Qg4 h5
1/2-1/2

[Event "5eme open de Champagne -Ardenne"]
[Site "BLAGNY N°14535"]
[Date "2009.05.02"]
[Round "5.3"]
[White "Defrance, Laurent"]
[Black "Meunier, Samuel"]
[Result "1/2-1/2"]
[WhiteElo "2206"]
[BlackElo "1946"]
[PlyCount "126"]
[EventDate "2009.??.??"]

1. d4 Nf6 2. Nf3 d5 3. c4 e6 4. Nc3 c6 5. cxd5 exd5 6. Bg5 Bf5 7. e3 Bd6 8. Bd3
Bxd3 9. Qxd3 O-O 10. O-O Nbd7 11. Rab1 Qb6 12. Rfc1 Rfe8 13. Nd2 a5 14. h3 Re6
15. Na4 Qb4 16. Nc3 Rae8 17. a3 Qb6 18. Bxf6 Nxf6 19. b4 axb4 20. axb4 Bb8 21.
b5 Qc7 22. Nf1 Ne4 23. Nxd5 Qd8 24. Nc3 Ng5 25. Ne2 (25. f4 {
et le cavalier est dans la boite!!} 25... Nxh3+ 26. gxh3 Rg6+ 27. Kf2 Qh4+ 28.
Ke2 Rg2+ 29. Kd1 Bxf4 30. Ne2) 25... Rg6 26. Nfg3 h5 27. Nf4 Bxf4 28. exf4
Nxh3+ 29. gxh3 h4 30. Re1 (30. f5 {
on attaque mon cavalier , j'attaque la tour !} 30... Rg5 31. bxc6 bxc6 32. Rxc6
{et la avantage blanc suite a la deviation de la tour}) 30... Rxe1+ 31. Rxe1
Qd7 32. Kh2 hxg3+ 33. fxg3 cxb5 34. Re5 Ra6 35. Re2 b4 36. Qc4 Ra1 37. Qxb4 Qd5
38. Rg2 Rd1 39. Qc5 Rxd4 40. Qxd5 Rxd5 41. Rb2 b5 42. Kg2 Kf8 43. g4 Ke7 44. h4
Kd6 45. h5 Kc5 46. Kf3 Kc4 47. g5 Kc3 48. Rb1 b4 49. Kg4 b3 50. h6 gxh6 51.
gxh6 Kc2 52. h7 Rd8 53. Rh1 b2 54. Kg5 b1=Q 55. Rxb1 Kxb1 56. Kf6 Kc2 57. Kxf7
Kd3 58. f5 Ke4 59. f6 Ke5 60. Kg7 Ke6 61. f7 Ke7 62. h8=Q Rxh8 63. Kxh8 Kxf7
1/2-1/2

[Event "5eme open de Champagne -Ardenne"]
[Site "BLAGNY N°14535"]
[Date "2009.05.02"]
[Round "5.4"]
[White "Labroche, Jerome"]
[Black "Bentout, Pascal"]
[Result "0-1"]
[WhiteElo "1782"]
[BlackElo "2135"]
[PlyCount "68"]
[EventDate "2009.??.??"]

1. e4 e5 2. Nc3 Bc5 3. Bc4 Nf6 4. d3 O-O 5. Bg5 c6 6. Qf3 Be7 7. h4 d6 8. Qg3
Kh8 9. Nh3 b5 10. Bb3 Nbd7 11. f4 Nh5 12. Qf3 Nxf4 13. Nxf4 exf4 14. d4 Nf6 15.
Qxf4 a5 16. a4 b4 17. Nd1 d5 18. Bxf6 Bxf6 19. e5 Be7 20. Ne3 f6 21. O-O-O fxe5
22. Qxe5 Bd6 23. Qh5 Bf4 24. Rde1 Qf6 25. c3 bxc3 26. bxc3 Rb8 27. Bc2 Qh6 28.
Qxh6 Bxh6 29. Kd1 Bd7 30. Re2 Rbe8 31. Kd2 Rxe3 32. Rxe3 Rf2+ 33. Kd1 Bxe3 34.
Re1 Bg4+ 0-1

[Event "5eme open de Champagne -Ardenne"]
[Site "BLAGNY N°14535"]
[Date "2009.05.02"]
[Round "5.5"]
[White "Dubuisson, Thomas"]
[Black "Louis, Andre"]
[Result "1-0"]
[WhiteElo "2011"]
[BlackElo "1883"]
[PlyCount "85"]
[EventDate "2009.??.??"]

1. e4 c5 2. b3 d6 3. Bb2 Nf6 4. Bb5+ Nc6 5. Nc3 a6 6. Bxc6+ bxc6 7. Nge2 Rb8 8.
O-O c4 9. Nd4 Qc7 10. Qe2 cxb3 11. axb3 c5 12. Nf3 e6 13. Na4 e5 14. d3 Bg4 15.
Qe3 Be7 16. Nd2 Be6 17. f4 Ng4 18. Qg3 exf4 19. Qxf4 Nf6 20. e5 Nd5 21. Qg3 Kd7
22. Ne4 Rbg8 23. c4 Nb4 24. d4 cxd4 25. Bxd4 Nc2 26. Rad1 Nxd4 27. Rxd4 Qa7 28.
Nec5+ Ke8 29. exd6 Bf6 30. d7+ Kd8 31. Rd3 Be7 32. Qe3 Bxc5 33. Qxc5 Qxc5+ 34.
Nxc5 Ke7 35. Nxe6 fxe6 36. c5 Rf8 37. Rfd1 Kd8 38. Ra1 Rf5 39. Rxa6 Kc7 40.
Rxe6 Rhf8 41. h3 Rxc5 42. Re8 Rc1+ 43. Kh2 1-0

[Event "5eme open de Champagne -Ardenne"]
[Site "BLAGNY N°14535"]
[Date "2009.05.02"]
[Round "5.7"]
[White "Peltriaux, Guillaume"]
[Black "Guyon, Cyndie"]
[Result "1/2-1/2"]
[WhiteElo "1906"]
[BlackElo "1905"]
[PlyCount "32"]
[EventDate "2009.??.??"]

1. e4 c6 2. Nc3 d5 3. Qf3 e6 4. d4 Qb6 5. Bd3 Na6 6. Bxa6 Qxa6 7. Nge2 Ne7 8.
O-O Ng6 9. Qg3 Be7 10. a4 Qa5 11. Nf4 Qd8 12. Nxg6 hxg6 13. e5 Qb6 14. Qd3 Bd7
15. Bd2 Qc7 16. b4 b6 1/2-1/2

[Event "5eme open de Champagne -Ardenne"]
[Site "BLAGNY N°14535"]
[Date "2009.05.02"]
[Round "5.8"]
[White "Hanot, Wilfried"]
[Black "Micottis, Dorian"]
[Result "1-0"]
[WhiteElo "1892"]
[BlackElo "1099"]
[PlyCount "71"]
[EventDate "2009.??.??"]

1. d4 Nf6 2. c4 g6 3. Nc3 d5 4. cxd5 Nxd5 5. e4 Nxc3 6. bxc3 Bg7 7. Nf3 c5 8.
Be3 O-O 9. Be2 Nc6 10. O-O Bg4 11. d5 Ne5 12. Nxe5 Bxe2 13. Nxf7 Bxd1 14. Nxd8
Bxc3 15. Raxd1 Rfxd8 16. Bxc5 Bf6 17. Rfe1 (17. e5 Bxe5 18. Bxe7 Rd7 19. Bg5)
17... b6 18. Be3 Rac8 19. Re2 Rc4 20. f3 Rdc8 21. g3 (21. d6) 21... Rc2 22.
Rxc2 Rxc2 23. Rd2 Rc3 24. Kf2 Kf7 25. f4 Ke8 26. e5 Bg7 27. Ke2 Kd7 28. Bf2 (
28. Bd4 {suivi de E5+ gagne le fou en G7}) 28... h5 29. Kf1 Ra3 30. Kg2 b5 31.
Bc5 Ra4 32. a3 a5 33. d6 exd6 34. Rxd6+ Ke8 35. Rxg6 Bf8 36. Rg8 1-0

[Event "5eme open de Champagne -Ardenne"]
[Site "BLAGNY N°14535"]
[Date "2009.05.02"]
[Round "5.9"]
[White "Gaubert, Virginie"]
[Black "Rigolot, Lucie"]
[Result "1/2-1/2"]
[WhiteElo "1660"]
[BlackElo "1831"]
[PlyCount "29"]
[EventDate "2009.??.??"]

1. c4 e6 2. Nc3 d5 3. cxd5 exd5 4. g3 Nf6 5. Bg2 c6 6. Nf3 g6 7. O-O Bg7 8. b4
O-O 9. Rb1 b6 10. Ne5 Bb7 11. d4 Ne8 12. Bf4 f6 13. Nf3 Nd6 14. Bxd6 Qxd6 15.
Qb3 1/2-1/2

[Event "5eme open de Champagne -Ardenne"]
[Site "BLAGNY N°14535"]
[Date "2009.05.02"]
[Round "5.10"]
[White "Meisch, Tanguy"]
[Black "Noizet, Regis"]
[Result "0-1"]
[WhiteElo "1558"]
[BlackElo "1790"]
[PlyCount "72"]
[EventDate "2009.??.??"]

1. e4 d6 2. d4 Nf6 3. Nc3 g6 4. Bc4 c6 5. e5 dxe5 6. dxe5 Qxd1+ 7. Nxd1 Nd5 8.
Ne3 Be6 9. Nxd5 Bxd5 10. Bxd5 cxd5 11. Bf4 Bg7 12. O-O-O e6 13. Nf3 Nc6 14.
Rhe1 Rc8 15. c3 b5 16. Kb1 O-O 17. Rd4 Nxd4 18. Nxd4 a6 19. Re3 Rc7 20. Kc2 b4
21. b3 Rfc8 22. Ne2 bxc3 23. Rxc3 Bf8 24. Kb2 Rxc3 25. Nxc3 Ba3+ 26. Kxa3 Rxc3
27. Be3 Rc2 28. Bd4 Kf8 29. Be3 Ke8 30. Bd4 Kd7 31. Be3 Kc6 32. Bd4 Kb5 33. Be3
h5 34. Bd4 Rd2 35. Be3 Rd1 36. f4 d4 0-1

[Event "5eme open de Champagne -Ardenne"]
[Site "BLAGNY N°14535"]
[Date "2009.05.02"]
[Round "5.11"]
[White "Matschek, Norbert"]
[Black "Biryukov, Alice"]
[Result "0-1"]
[WhiteElo "1771"]
[BlackElo "1412"]
[PlyCount "90"]
[EventDate "2009.??.??"]

1. e4 e5 2. Bc4 Bc5 3. Nf3 Nc6 4. c3 Nf6 5. d3 d5 6. exd5 Nxd5 7. O-O O-O 8.
Re1 Bg4 9. h3 Bh5 10. g4 Bg6 11. Bg5 Qd6 12. b4 Bb6 13. b5 e4 14. bxc6 Qg3+ 15.
Kh1 Bxf2 16. Bxd5 exf3 17. Qxf3 Qxf3+ 18. Bxf3 Bxe1 19. cxb7 Rae8 20. Bc6 Re2
21. Bf4 Rc2 22. Bxc7 Rc1 23. Bf4 Bd2+ 24. Kg2 Bxf4 25. Kf3 Be5 26. d4 Bxd4 27.
cxd4 Rxc6 28. Nd2 Rb6 29. Ne4 Bxe4+ 30. Kxe4 Rxb7 31. d5 Re8+ 32. Kd4 Rd7 33.
Rc1 Red8 34. Rc5 g6 35. Ra5 Kg7 36. Ke4 f5+ 37. gxf5 gxf5+ 38. Ke5 Kg6 39. Ra6+
Kg5 40. d6 f4 41. Ke6 f3 42. Rc6 Rxd6+ 43. Rxd6 Rxd6+ 44. Kxd6 f2 45. a4 f1=Q
0-1

[Event "5eme open de Champagne -Ardenne"]
[Site "BLAGNY N°14535"]
[Date "2009.05.02"]
[Round "5.12"]
[White "Chalabi, Max"]
[Black "Romain, Emeline"]
[Result "0-1"]
[WhiteElo "1296"]
[BlackElo "1740"]
[PlyCount "86"]
[EventDate "2009.??.??"]

1. e4 d5 2. exd5 Qxd5 3. Nc3 Qa5 4. d4 c6 5. Nf3 Nf6 6. Bd3 Bg4 7. Bd2 Qb6 8.
Be2 Bxf3 9. Bxf3 Qxd4 10. O-O e6 11. Be3 Qxd1 12. Raxd1 Bb4 13. Ne4 Nbd7 14.
Nd6+ Bxd6 15. Rxd6 Ke7 16. Rd3 Rhd8 17. Rfd1 a6 18. Bg5 h6 19. Bxf6+ Nxf6 20.
Rxd8 Rxd8 21. Rxd8 Kxd8 22. Kf1 Kd7 23. Ke2 Kd6 24. Kd3 Nd5 25. Kd4 Nb4 26. g3
e5+ 27. Kc4 Nxc2 28. Kc3 Nd4 29. Kd3 Nxf3 30. Ke3 Nxh2 31. f4 exf4+ 32. gxf4
Ng4+ 33. Kf3 Nf6 34. Kg3 Kd5 35. Kf3 Kd4 36. b4 b6 37. a4 a5 38. bxa5 bxa5 39.
f5 c5 40. Kg3 c4 41. Kh4 c3 42. Kg3 c2 43. Kg2 c1=Q 0-1

[Event "5eme open de Champagne -Ardenne"]
[Site "BLAGNY N°14535"]
[Date "2009.05.02"]
[Round "5.13"]
[White "Biniaux, Michael"]
[Black "Blond-Hanten, Elsa"]
[Result "1-0"]
[WhiteElo "1690"]
[BlackElo "1328"]
[PlyCount "93"]
[EventDate "2009.??.??"]

1. d4 d5 2. e3 Nc6 3. Nf3 Bg4 4. h3 Bh5 5. c4 dxc4 6. Bxc4 e5 7. g4 Bg6 8. d5
Nb4 9. Qa4+ c6 10. Nxe5 b5 11. Bxb5 Qxd5 12. Bxc6+ Nxc6 13. Nxc6 Qxh1+ 14. Ke2
Bc5 15. Bd2 Nf6 16. b4 Ne4 17. Nb8+ Ke7 18. Qd7+ Kf6 19. g5+ Kxg5 20. Qg4+ Kf6
(20... Kh6 21. Qf4+ Ng5 22. h4 Bh5+ 23. Kd3 Rd8+ 24. Kc3 Be7 {0-1}) 21. Nd7+
Ke7 22. Nxc5 h5 (22... Rhd8) 23. Qd7+ Kf8 24. Nxe4 Qxe4 25. Nc3 Qc4+ 26. Ke1
Qh4 27. Rc1 Qf6 28. Nd5 Bf5 29. Nxf6 Bxd7 30. Nxd7+ Ke7 31. Nc5 Rad8 32. a4 Kd6
33. e4 a5 34. Bf4+ Ke7 35. b5 f6 36. Bd2 g5 37. Bxa5 g4 38. h4 Kd6 39. Bb4 Rhe8
40. a5 f5 41. Rd1+ Ke5 42. Rd5+ Kf6 43. Rxf5+ Kg6 44. Rg5+ Kh6 45. Bd2 Kh7 46.
Rxh5+ Kg8 47. Kf1 1-0

[Event "5eme open de Champagne -Ardenne"]
[Site "BLAGNY N°14535"]
[Date "2009.05.02"]
[Round "5.14"]
[White "Hurreau, Jean Francois"]
[Black "Marchal, Roger"]
[Result "0-1"]
[WhiteElo "1499"]
[BlackElo "1620"]
[PlyCount "62"]
[EventDate "2009.??.??"]

1. e4 c5 2. Nf3 e6 3. d4 cxd4 4. Nxd4 a6 5. Bd3 Qc7 6. O-O b5 7. Re1 Bb7 8. g3
Nc6 9. c3 Nf6 10. Bg5 Be7 11. Nd2 h6 12. Bxf6 Bxf6 13. N2f3 O-O 14. Rc1 Rac8
15. Bb1 Rfd8 16. Qd3 Ne5 17. Nxe5 Bxe5 18. Re3 Qc4 19. Rd1 g6 20. Nf3 Bg7 21.
b3 Qxc3 22. e5 Qxd3 23. Bxd3 Bxf3 24. Rde1 Bd5 25. Be4 Bxe4 26. Rxe4 d5 27. Rd4
Rc2 28. Kf1 Rdc8 29. Rdd1 Rxa2 30. Rc1 Rcc2 31. Rxc2 Rxc2 0-1

[Event "5eme open de Champagne -Ardenne"]
[Site "BLAGNY N°14535"]
[Date "2009.05.02"]
[Round "5.15"]
[White "Seninck, Maxence"]
[Black "Pataki, Zemplen"]
[Result "0-1"]
[WhiteElo "1270"]
[BlackElo "1522"]
[PlyCount "60"]
[EventDate "2009.??.??"]

1. d4 d5 2. Nc3 Bf5 3. f3 Nf6 4. Bg5 Nc6 5. Bxf6 gxf6 6. e4 dxe4 7. fxe4 Bg6 8.
d5 Ne5 9. Qd4 a6 10. O-O-O Bh6+ 11. Kb1 O-O 12. Nf3 Nxf3 13. gxf3 Bg7 14. f4 f5
15. e5 e6 16. h4 (16. Qf2) 16... Bh5 17. Be2 Bxe2 18. Nxe2 Qxd5 19. Qxd5 exd5
20. Rxd5 Rfd8 21. Rdd1 Bh6 22. Rhg1+ Kf8 23. Ng3 Rxd1+ 24. Rxd1 Bxf4 25. Nxf5
Bxe5 26. h5 (26. Rd7 Re8 27. c3) 26... Ke8 27. Re1 f6 28. Rg1 Rd8 29. Rg8+ Kd7
30. Rg7+ Ke6 0-1

[Event "5eme open de Champagne -Ardenne"]
[Site "BLAGNY N°14535"]
[Date "2009.05.02"]
[Round "5.17"]
[White "Louot, Catherine"]
[Black "Beaudiot, Alain"]
[Result "0-1"]
[WhiteElo "1530"]
[BlackElo "1591"]
[PlyCount "54"]
[EventDate "2009.??.??"]

1. d4 Nf6 2. Nf3 c5 3. Bf4 cxd4 4. Nxd4 a6 5. e3 d6 6. Bg5 Qa5+ 7. Nc3 Qxg5 8.
Nf3 Qa5 9. Bd3 Nd5 10. O-O Nxc3 11. bxc3 Qxc3 12. Rb1 Nd7 13. Rb3 Qc7 14. Qd2
e6 15. Rc3 Qd8 16. Rb1 Be7 17. Rb4 O-O 18. Rg4 Nc5 19. Be2 e5 20. Rgc4 Be6 21.
Rb4 a5 22. Rxc5 axb4 23. Rb5 Qc7 24. Rxb4 Rxa2 25. Qd1 Rxc2 26. Qd3 Ra8 27. h3
Raa2 0-1

[Event "5eme open de Champagne -Ardenne"]
[Site "BLAGNY N°14535"]
[Date "2009.05.02"]
[Round "5.18"]
[White "Huang, Feibai"]
[Black "Schenk, Philipp"]
[Result "1-0"]
[WhiteElo "1207"]
[BlackElo "1433"]
[PlyCount "101"]
[EventDate "2009.??.??"]

1. e4 d5 2. exd5 c6 3. dxc6 Nxc6 4. Nf3 e5 5. Bb5 Bd6 6. d4 exd4 7. Nxd4 Nge7
8. O-O O-O 9. Nf3 a6 10. Bd3 Bg4 11. Bxh7+ Kh8 (11... Kxh7 12. Ng5+ Kg8 13.
Qxg4 Ng6 14. Qh3) 12. h3 Bh5 13. g4 Bg6 14. Bxg6 Nxg6 15. Be3 Nh4 16. Nbd2 Ne5
17. Nxh4 Qxh4 18. Bf4 Qxh3 19. Re1 Nf3+ 20. Qxf3 Qxf3 21. Nxf3 Bxf4 22. Re4 g5
23. Kg2 Kg7 24. Rh1 Rh8 25. Rh5 Rxh5 26. gxh5 Kh6 27. Re7 b5 28. Rxf7 Kxh5 29.
Rf6 a5 30. c3 Bc1 31. b3 Bb2 32. Rf5 Bc1 33. Rxb5 a4 34. c4 axb3 35. axb3 Ra2
36. Kg3 Bf4+ 37. Kg2 Be3 38. b4 Rxf2+ 39. Kg3 Ra2 40. Ra5 Bf4+ 41. Kh3 Rxa5 42.
bxa5 g4+ 43. Kg2 gxf3+ 44. Kxf3 Bb8 45. Ke4 Kg6 46. Kd5 Kf7 47. Kc6 Ke7 48. Kb7
Bf4 49. c5 Kd7 50. c6+ Kd8 51. a6 1-0